S pasem a bez meče Zahraniční obchod tranzitivních zemí. 1

Zmena orientácie zahraničného obchodu postkomunistických krajín po páde berlínskeho múru. Koniec direktívnej politiky RVHP. Rozdielna situácia v zahraničnom obchode v niektorých krajinách strednej a východnej Európy. Problémy Bulharska, Macedónska a Ruska po otvorení sa medzinárodnému obchodu. Rusko...

Description complète

Enregistré dans:
Détails bibliographiques
Format: Chapitre de livre
Langue:tchèque
Sujets:
Tags: Ajouter un tag
Pas de tags, Soyez le premier à ajouter un tag!

MARC

LEADER 00000naa a2200000 4500
001 r021198
005 20230920092026.0
041 0 |a cze 
044 |a CZ 
245 1 0 |a S pasem a bez meče  |b Zahraniční obchod tranzitivních zemí. 1 
520 |a Zmena orientácie zahraničného obchodu postkomunistických krajín po páde berlínskeho múru. Koniec direktívnej politiky RVHP. Rozdielna situácia v zahraničnom obchode v niektorých krajinách strednej a východnej Európy. Problémy Bulharska, Macedónska a Ruska po otvorení sa medzinárodnému obchodu. Rusko - vrstva čelnokov, kšeftárov, novozbohatlíkov. 
610 2 0 |a obchod zahraničný 
610 2 0 |a obchod medzinárodný 
610 2 0 |a vývoz 
610 2 0 |a dovoz 
610 2 0 |a stredná Európa 
610 2 0 |a východná Európa